Faculty of Law Library — Cairo University

Official Online Catalog

الموسوعة الجنائية : (Record no. 62519)

MARC details
000 -LEADER
fixed length control field 01563nam a2200337 i 4500
003 - CONTROL NUMBER IDENTIFIER
control field EG-GICUC
005 - DATE AND TIME OF LATEST TRANSACTION
control field 20260228135232.0
008 - FIXED-LENGTH DATA ELEMENTS--GENERAL INFORMATION
fixed length control field 260210s1966 ua |||fr|||| 00| 0 ara d
040 ## - CATALOGING SOURCE
Original cataloging agency EG-GICUC
Language of cataloging ara
Transcribing agency EG-GICUC
Modifying agency EG-GICUC
Description conventions rda
041 0# - LANGUAGE CODE
Language code of text/sound track or separate title Ara
082 04 - DEWEY DECIMAL CLASSIFICATION NUMBER
Edition number 21
Classification number 343.31
Item number س ع . م
092 04 - LOCALLY ASSIGNED DEWEY CALL NUMBER (OCLC)
Edition number 21
099 ## - LOCAL FREE-TEXT CALL NUMBER (OCLC)
Classification number Law1 10 343.31 س ع . م 1966
100 0# - MAIN ENTRY--PERSONAL NAME
Personal name سعيد محمود السيد
Relator term معد.
245 12 - TITLE STATEMENT
Title الموسوعة الجنائية :
Remainder of title القوانين • المراسيم • القرارات الوزارية طبقا لأحدث التعديلات معلقا عليها بأحكام القضاء.
Number of part/section of a work المجلد الأول /
Statement of responsibility, etc. إعداد القاضى سعيد محمود السيد، وكيل النائب العام فتحى السيد لاشين.
250 ## - EDITION STATEMENT
Edition statement الطبعة الأولى
264 #3 - PRODUCTION, PUBLICATION, DISTRIBUTION, MANUFACTURE, AND COPYRIGHT NOTICE
Place of production, publication, distribution, manufacture القاهرة :
Name of producer, publisher, distributor, manufacturer دار الجيل للطباعة،
Date of production, publication, distribution, manufacture, or copyright notice 1966.
300 ## - PHYSICAL DESCRIPTION
Extent 652 ؛صفحة
Dimensions 24 سم.
Other physical details إيضاحيات، صور، مثيليات ؛
336 ## - CONTENT TYPE
Source rda content
Content type term text
337 ## - MEDIA TYPE
Source rda media
Media type term Computer
338 ## - CARRIER TYPE
Source rda carrier
Carrier type term Online Resource
504 ## - BIBLIOGRAPHY, ETC. NOTE
Bibliography, etc. note . 240-220 ببليوجرافيا: صفحات.
546 ## - LANGUAGE NOTE
Language note النص باللغة العربية
650 1# - SUBJECT ADDED ENTRY--TOPICAL TERM
Topical term or geographic name entry element القواعد العامة فى الإجراءات الجنائية
Source of heading or term qrmak
650 1# - SUBJECT ADDED ENTRY--TOPICAL TERM
Topical term or geographic name entry element القانون الجنائى
Source of heading or term qrmak
651 1# - SUBJECT ADDED ENTRY--GEOGRAPHIC NAME
Source of heading or term qrmak
700 0# - ADDED ENTRY--PERSONAL NAME
Personal name فتحى السيد لاشين
Relator term مؤلف مشارك.
856 40 - ELECTRONIC LOCATION AND ACCESS
Uniform Resource Identifier <a href="https://fll.law.cu.edu.eg/fulltext/bks/B10-08842.pdf">https://fll.law.cu.edu.eg/fulltext/bks/B10-08842.pdf</a>
905 ## - Cataloger and Reviser Names
Cataloger Name: Yasmin Sayed
942 ## - ADDED ENTRY ELEMENTS (KOHA)
Source of classification or shelving scheme Dewey Decimal Classification
Koha item type Books
Edition 21
Suppress in OPAC No
Holdings
Withdrawn status Lost status Source of classification or shelving scheme Damaged status Not for loan Collection Home library Current library Date acquired Total checkouts Full call number Barcode Date last seen Copy number Price effective from Koha item type
    Dewey Decimal Classification   Not for loan القانون الجنائي جــــامعة القــاهرة مكتبة كلية الحقوق - المبنى الرئيسي 10.02.2026   Law1 10 343 س ع . م 1 ed - 1966 1008842 V1, C1 B10-08842 10.02.2026 1 10.02.2026 Books
    Dewey Decimal Classification     القانون الجنائي جــــامعة القــاهرة مكتبة كلية الحقوق - المبنى الرئيسي 10.02.2026   Law1 10 343 س ع . م 1 ed - 1966 1008843 V1, C2 B10-08843 10.02.2026 2 10.02.2026 Books

© All rights reserved — Faculty of Law, Cairo University